| 000 | 00516 a2200181 4500 | ||
|---|---|---|---|
| 003 | OSt | ||
| 005 | 20240117125134.0 | ||
| 008 | 240117b |||||||| |||| 00| 0 eng d | ||
| 020 | _a9788182719675 | ||
| 040 | _coclc | ||
| 082 |
_a297 _bGAF/H |
||
| 100 |
_aGafoor, P.M.A. _910280 |
||
| 245 |
_aHridayam Hridayatthe Punarumpol / _cP.M.A. Gafoor |
||
| 250 | _a6th ed. | ||
| 260 |
_aKozhikode: _bIslamic Publishing House, _c2022. |
||
| 300 | _a112p. | ||
| 942 |
_2ddc _cBK _h297 _iGAF/H _k297 _mGAF/H |
||
| 999 |
_c43231 _d43231 |
||